000 00495nam a2200181Ia 4500
001 20097
005 20260306172741.0
008 260306t2013||||xx |||||||||||||| ||spa||
041 _aESP
082 _a342.211
_bP35 T. 4 V. 6 L. 1
100 _aPeces-Barba Martinez, Gregorio
_eAUT
245 0 _aHistoria de los derechos fundamentales:
_bsiglo XX, parte general
260 _c2013
300 _axxviii, 831 páginas
_c24 cm.
650 _aGEN
654 _aCDE
942 _cLIB
_dJUS
_fJUS
_2ddc
_n
999 _c20097
_d20097